Resilienz und Sicherheit als Ressourcen gegen Gewalt: Prävention von häuslicher und sexualisierter Gewalt in Kindertageseinrichtungen mit dem Projekt ReSi+

Gespeichert in:  
Bibliographische Detailangaben
VerfasserInnen: Wagner, Teresa (Verfasst von) ; Simon-Erhardt, Franziska (Verfasst von) ; Pfeffer, Simone (Verfasst von) ; Storck, Christina (Verfasst von)
Medienart: Druck Aufsatz
Sprache:Deutsch
Veröffentlicht: 2023
In: Forum Kriminalprävention
Jahr: 2023, Heft: 3, Seiten: 8-10
Verfügbarkeit prüfen: HBZ Gateway
Schlagwörter:

MARC

LEADER 00000caa a2200000 c 4500
001 1884031323
003 DE-627
005 20250909103645.0
007 tu
008 240321s2023 xx ||||| 00| ||ger c
035 |a (DE-627)1884031323 
035 |a (DE-599)KXP1884031323 
040 |a DE-627  |b ger  |c DE-627  |e rda 
041 |a ger 
084 |a 2,1  |2 ssgn 
100 1 |a Wagner, Teresa  |e VerfasserIn  |4 aut 
109 |a Wagner, Teresa 
245 1 0 |a Resilienz und Sicherheit als Ressourcen gegen Gewalt  |b Prävention von häuslicher und sexualisierter Gewalt in Kindertageseinrichtungen mit dem Projekt ReSi+  |c Teresa Wagner, Franziska Simon-Erhardt, Simone Pfeffer und Christina Storck 
264 1 |c 2023 
336 |a Text  |b txt  |2 rdacontent 
337 |a ohne Hilfsmittel zu benutzen  |b n  |2 rdamedia 
338 |a Band  |b nc  |2 rdacarrier 
500 |a Literaturverzechnis: Seite 10 
650 0 7 |0 (DE-588)4030650-1  |0 (DE-627)104254092  |0 (DE-576)208988483  |a Kindesmisshandlung  |2 gnd 
650 0 7 |0 (DE-588)4723056-3  |0 (DE-627)365816949  |0 (DE-576)21575591X  |a Häusliche Gewalt  |2 gnd 
650 0 7 |0 (DE-588)1253967660  |0 (DE-627)1796400084  |a Sexualisierte Gewalt  |2 gnd 
650 0 7 |0 (DE-588)4030550-8  |0 (DE-627)104360100  |0 (DE-576)208988165  |a Kind  |2 gnd 
650 0 7 |0 (DE-588)4030581-8  |0 (DE-627)104340665  |0 (DE-576)208988238  |a Kindergarten  |2 gnd 
650 0 7 |0 (DE-588)4300400-3  |0 (DE-627)104107553  |0 (DE-576)211028487  |a Empirische Forschung  |2 gnd 
650 4 |a Gewalt gegen Kinder  |7 (dpeaa)DE-21/24-fid2,1 
650 4 |a Gewaltprävention  |7 (dpeaa)DE-21/24-fid2,1 
650 4 |a Prävention  |7 (dpeaa)DE-21/24-fid2,1 
700 1 |a Simon-Erhardt, Franziska  |e VerfasserIn  |4 aut 
700 1 |a Pfeffer, Simone  |e VerfasserIn  |4 aut 
700 1 |a Storck, Christina  |e VerfasserIn  |4 aut 
773 0 8 |i Enthalten in  |t Forum Kriminalprävention  |d Hilden : Verl. Dt. Polizeiliteratur, 2001  |g (2023), 3, Seite 8-10  |w (DE-627)338479147  |w (DE-600)2064180-1  |w (DE-576)096004843  |x 1618-4912  |7 nnas 
773 1 8 |g year:2023  |g number:3  |g pages:8-10 
935 |a mkri 
951 |a AR 
ELC |b 1 
LOK |0 000 xxxxxcx a22 zn 4500 
LOK |0 001 4502882852 
LOK |0 003 DE-627 
LOK |0 004 1884031323 
LOK |0 005 20240321151704 
LOK |0 008 240321||||||||||||||||ger||||||| 
LOK |0 040   |a DE-21-110  |c DE-627  |d DE-21-110 
LOK |0 852   |a DE-21-110 
LOK |0 852 1  |m p  |9 00 
LOK |0 938   |k p 
LOK |0 939   |a 21-03-24  |b l01 
ORI |a SA-MARC-krimdoka001.raw